000 01518cam a22003854a 4500
001 ocn269436800
003 TZ-ArACH
005 20130524151526.0
008 081028s2008 fr a b 000 0 fre
010 _a 2009351589
020 _a9782746712072
020 _a2746712075
035 _a(OCoLC)269436800
040 _aDLC
_beng
_cTZ-ArACH
_dTZT
_dAUXAM
_dMUQ
_dGEBAY
_dOCLCQ
_dOCLCO
041 _aFre
049 _aTZAA
050 0 0 _aKZ1168
_b.M38
082 1 4 _a341
_21
100 1 _aMaupas, Stéphanie.
_911089
245 1 0 _aJuges, bourreaux, victimes : voyage dans les prétoires de la justice internationale /
_bvoyage dans les prétoires de la justice internationale /
_cStéphanie Maupas.
260 _aParis :
_bÉditions Autrement,
_c2008.
300 _a192 p. :
_bill. ;
_c23 cm.
490 1 _aFrontières
504 _aIncludes bibliographical references (p. 190-[193]).
610 2 7 _aInternational Court of Justice.
_911090
650 0 _aTrials (Crimes against humanity)
_911091
650 0 _aInternational criminal courts.
_911092
650 6 _aProcès (Crimes contre l'humanité)
_911093
650 6 _aTribunaux criminels internationaux.
_911094
653 _aLaw
_aInternational criminal courts
830 0 _aFrontières.
_911095
942 _2lcc
_cBOOK
999 _c2349
_d2349